ISSO - CLASS 3 - 2023 - 2024 (Record no. 8925)

MARC details
000 -LEADER
fixed length control field 00190nam a22000977a 4500
020 ## - INTERNATIONAL STANDARD BOOK NUMBER
ISBN 9789355555151
082 ## - DEWEY DECIMAL CLASSIFICATION NUMBER
Classification number K000
245 ## - TITLE STATEMENT
Title ISSO - CLASS 3 - 2023 - 2024
300 ## - PHYSICAL DESCRIPTION
Number of Pages 72P
942 ## - ADDED ENTRY ELEMENTS (KOHA)
Koha item type Books
Holdings
Home library Current library Shelving location Date acquired Cost, normal purchase price Full call number Accession Number Koha item type
Beautiful Minds Library Beautiful Minds Library General Stacks 19/04/2024 100.00 K000 ISSO E5655 Books
analytics